书目信息 |
| 题名: |
手作健康零食
|
|
| 作者: | 萨巴蒂娜 主编 | |
| 分册: | ||
| 出版信息: | 北京 中国轻工业出版社 2020.1 |
|
| 页数: | 189页 | |
| 开本: | 24cm | |
| 丛书名: | ||
| 单 册: | ||
| 中图分类: | TS972.12 , TS219 | |
| 科图分类: | ||
| 主题词: | 小食品--制作 | |
| 电子资源: | ||
| ISBN: | 978-7-5184-2708-6 | |
| 000 | 00877nam0 2200253 45 | |
| 001 | 012001002639 | |
| 005 | 20141008094815.0 | |
| 010 | @a978-7-5184-2708-6@dCNY49.80 | |
| 100 | @a20200415d2020 em y0chiy50 ea | |
| 101 | 0 | @achi |
| 102 | @aCN@b110000 | |
| 105 | @aa z 000yy | |
| 106 | @ar | |
| 200 | 1 | @a手作健康零食@Ashou zuo jian kang ling shi@b专著@f萨巴蒂娜主编 |
| 210 | @a北京@c中国轻工业出版社@d2020.1 | |
| 215 | @a189页@c彩图,彩照@d24cm | |
| 300 | @a萨巴厨房 | |
| 330 | @a本书收录了饼干、蛋糕、糖果、饮品、果干、果脯等100种休闲零食的制作方式,共分四章,内容包括:令你放松心情的解压零食、令你元气满满的抵饿零食、让我们共享欢乐的会友零食、让我们慢享时光的休闲零食。 | |
| 606 | 0 | @a小食品@x制作 |
| 690 | @aTS972.12@v5 | |
| 690 | @aTS219@v5 | |
| 701 | 0 | @a萨巴蒂娜@Asa ba di na@4主编 |
| 801 | 2 | @aCN@bBJSDL@c20211018 |
| 905 | @b1344548-51@dTS972.12@e670@f4 | |
| 手作健康零食/萨巴蒂娜主编.-北京:中国轻工业出版社,2020.1 |
| 189页:彩图,彩照;24cm |
| 萨巴厨房 |
| ISBN 978-7-5184-2708-6:CNY49.80 |
| 本书收录了饼干、蛋糕、糖果、饮品、果干、果脯等100种休闲零食的制作方式,共分四章,内容包括:令你放松心情的解压零食、令你元气满满的抵饿零食、让我们共享欢乐的会友零食、让我们慢享时光的休闲零食。 |
| ● |
| 相关链接 |
|
|
|
|
正题名:手作健康零食
索取号:TS972.12/670
 
预约/预借
| 序号 | 登录号 | 条形码 | 馆藏地/架位号 | 状态 | 备注 |
| 1 | 1344548 | 213445486 | 第二样本阅览室/ [索取号:TS972.12/670] | 在馆 | |
| 2 | 1344549 | 213445495 | 第三借阅区/ [索取号:TS972.12/670] | 在馆 | |
| 3 | 1344550 | 213445501 | 第三借阅区/ [索取号:TS972.12/670] | 在馆 | |
| 4 | 1344551 | 213445510 | 第三借阅区/ [索取号:TS972.12/670] | 在馆 |